Supreme Court Civil Application No.04/1991 J.W.R. Kazzora vs M.L,S.Rukuba (Record no. 2865)

MARC details
000 -LEADER
fixed length control field 00470nam a22001097a 4500
008 - FIXED-LENGTH DATA ELEMENTS--GENERAL INFORMATION
fixed length control field 110614t xxu||||| |||| 00| 0 eng d
010 ## - LIBRARY OF CONGRESS CONTROL NUMBER
LC control number SCCAF34
245 ## - TITLE STATEMENT
Title Supreme Court Civil Application No.04/1991 J.W.R. Kazzora vs M.L,S.Rukuba
260 ## - PUBLICATION, DISTRIBUTION, ETC. (IMPRINT)
Date of publication, distribution, etc 1994
500 ## - GENERAL NOTE
General note CORAM:Oder, J.S.C., Oder ,JSC., Seation ,JSC
500 ## - GENERAL NOTE
General note Arising from the judgment and decree of the High Court of Uganda Mr.Justice J.P.M. Tabora dated 18/march,1991 in High Court Civil Suit No.320 of 1988
Holdings
Withdrawn status Lost status Source of classification or shelving scheme Damaged status Koha normalized classification for sorting Not for loan Location (home branch) Sublocation or collection (holding branch) Shelving location Date acquired Koha issues (times borrowed) Koha full call number Piece designation (barcode) Koha date last seen Price effective from Koha item type
    Dewey Decimal Classification   411991   Law Development Centre Main Library Law Development Centre Main Library Law Reports 06/14/2011   4/11991 4/1991/1 06/14/2011 06/14/2011 Un Reported Cases
    Dewey Decimal Classification   411991   Law Development Centre Main Library Law Development Centre Main Library Law Reports 06/14/2011   4/11991 4/1991/2 06/14/2011 06/14/2011 Un Reported Cases